000 00418nam a22001577a 4500
003 MPLRDC
005 20220104145118.0
008 210129b ||||| |||| 00| 0 eng d
082 _a490.5 HFPL v.20
100 _a吴嘉磷 总编
245 _a哈佛商业评论中文版, 第廿期
_c
260 _a
_b资讯传真股份有限公司
_c2003
300 _b
650 _a商学总论
942 _cBK
_o490.5 HFPL v.20
999 _c51140
_d51130